00885nam a2200241 a 4500001001000000003000500010005001700015008004100032010001100073011001100084040000900095100002600104245012500130260004100255500006000296502009900356650004000455650002700495650001800522650001800540650001500558856007000573000108934CHAP20220329144030.0140320s2013 mx sm |||||||spa d a105396 a106368 cCHAP1 aMiguel Castro, Javier10aInstalación y acondicionamiento de una maquina centrifuga modelo OTC 2-02-137h[En línea]cpor Javier Miguel Castro. aChapingo, Méx. :bEl autor,c2013. aPara ver el contenido del material haga clic en la liga aTesis (Ing. Mecánico Agrícola) -- UACH. Departamento de Ingeniería Mecánica Agrícola14aAceite para motoresxPurificación14aMaquinaria agrícola.14aPartículas.14aSeparación.14aSólidos. aFinding aiduhttp://10.13.5.2/tesis/sist108934.pdfzTeclea aquí